[Event "Lliga Catalana eq. DH"]
[Site "?"]
[Date "2014.02.15"]
[Round "4.5"]
[White "Sole Fabregat, X."]
[Black "Draghici Flutor, G."]
[Result "1/2-1/2"]
[WhiteElo "2305"]
[BlackElo "2209"]
[PlyCount "77"]
[EventDate "2014.??.??"]
[EventType "team"]
[EventCountry "ESP"]

1. d4 d5 2. Nf3 a6 3. Bf4 Nf6 4. e3 Bg4 5. Nbd2 e6 6. c4 dxc4 7. Bxc4 c5 8. h3
Bh5 9. Be2 Nc6 10. dxc5 Bxc5 11. O-O O-O 12. Rc1 Qe7 13. Qc2 Ba7 14. Nc4 Bg6
15. Qb3 Ne4 16. Rfd1 Rfd8 17. Nfe5 Rxd1+ 18. Rxd1 Nxe5 19. Nxe5 Nc5 20. Nxg6
hxg6 21. Bd6 Qxd6 22. Rxd6 Nxb3 23. axb3 Bc5 24. Rd7 b5 25. Bf3 Rb8 26. Kf1 Kf8
27. Ke2 Bb6 28. b4 Rc8 29. Rd6 Rb8 30. Rd7 Rc8 31. Kd3 Rd8 32. Rxd8+ Bxd8 33.
Bb7 a5 34. Kc3 Bf6+ 35. Kb3 axb4 36. e4 g5 37. Bc6 Ke7 38. Kxb4 Bxb2 39. Bxb5
1/2-1/2

[Event "Lliga Catalana eq. DH"]
[Site "?"]
[Date "2014.02.15"]
[Round "4.6"]
[White "Bofill Mas, A."]
[Black "Fluvia Poyatos, Jordi"]
[Result "1/2-1/2"]
[WhiteElo "2420"]
[BlackElo "2480"]
[PlyCount "39"]
[EventDate "2014.??.??"]
[EventType "team"]
[EventCountry "ESP"]

1. c4 c6 2. g3 d5 3. Nf3 dxc4 4. Bg2 Nd7 5. O-O Ngf6 6. Qc2 Nb6 7. a4 a5 8. Na3
Qd5 9. Ne1 Qd4 10. e3 Qg4 11. h3 Qh5 12. Nxc4 Nxc4 13. Qxc4 Be6 14. Qc2 Nd7 15.
Nd3 g5 16. Nc5 Bxh3 17. Nxb7 Bxg2 18. Kxg2 Qg6 19. Qxg6 hxg6 20. d4 1/2-1/2

[Event "Lliga Catalana eq. DH"]
[Site "?"]
[Date "2014.02.15"]
[Round "4.6"]
[White "Fernandez Lopez, J."]
[Black "Aloma Vidal, R."]
[Result "0-1"]
[WhiteElo "2171"]
[BlackElo "2471"]
[PlyCount "62"]
[EventDate "2014.??.??"]
[EventType "team"]
[EventCountry "ESP"]

1. e4 c5 2. Nf3 d6 3. d4 cxd4 4. Nxd4 Nf6 5. Nc3 a6 6. Be3 e5 7. Nf3 Be7 8. Bc4
Be6 9. Bb3 O-O 10. O-O b5 11. Nd5 Nbd7 12. a4 Nxe4 13. axb5 Nec5 14. Nxe7+ Qxe7
15. Bxe6 Qxe6 16. b4 Ne4 17. bxa6 Rfb8 18. Qd3 Rxb4 19. Rfd1 f5 20. Qa3 Qc4 21.
Ng5 Nc3 22. Bd2 Ne2+ 23. Kh1 Rb6 24. a7 Nd4 25. Qa5 h6 26. Nf3 Nxf3 27. gxf3
Qc6 28. Be3 Qxf3+ 29. Kg1 Rc6 30. Rab1 f4 31. Bd2 d5 0-1

[Event "Lliga Catalana eq. DH"]
[Site "?"]
[Date "2014.02.15"]
[Round "4.6"]
[White "Garrido Fernandez, D."]
[Black "Serra Fontova, F."]
[Result "1/2-1/2"]
[WhiteElo "2347"]
[BlackElo "2276"]
[PlyCount "88"]
[EventDate "2014.??.??"]
[EventType "team"]
[EventCountry "ESP"]

1. e4 e5 2. Nf3 d6 3. d4 exd4 4. Nxd4 g6 5. Nc3 Bg7 6. Be3 Nf6 7. f3 O-O 8. Bc4
Nc6 9. O-O Re8 10. Qd2 Ne5 11. Bb3 c5 12. Nde2 c4 13. Ba4 Re7 14. Rad1 a6 15.
Qxd6 Qxd6 16. Rxd6 b5 17. Bg5 Ned7 18. Nxb5 axb5 19. Bxb5 Re5 20. Bc6 Ra6 21.
Bxf6 Bxf6 22. Rfd1 Be7 23. Bxd7 Rxd6 24. Rxd6 Bxd6 25. Bxc8 Ra5 26. Nc3 Be5 27.
Bb7 Bxc3 28. bxc3 Rxa2 29. Bd5 Rxc2 30. Bxc4 Rxc3 31. Bd5 Rc2 32. h4 Kg7 33.
Kh2 f6 34. Kh3 h6 35. Kg3 g5 36. hxg5 fxg5 37. Be6 Kf6 38. Bg4 Ke5 39. Bh5 Rc1
40. Kg4 Rg1 41. g3 Rg2 42. Bg6 Rg1 43. Bh5 Rg2 44. Bg6 Rg1 1/2-1/2

[Event "Lliga Catalana eq. DH"]
[Site "?"]
[Date "2014.02.15"]
[Round "4.6"]
[White "Leiro Giralt, D."]
[Black "Subirats Ruiz, S."]
[Result "1-0"]
[WhiteElo "2317"]
[BlackElo "2294"]
[PlyCount "110"]
[EventDate "2014.??.??"]
[EventType "team"]
[EventCountry "ESP"]

1. e4 e6 2. d4 d5 3. Nc3 Bb4 4. exd5 exd5 5. Bd3 Nc6 6. a3 Bxc3+ 7. bxc3 Nge7
8. Rb1 Nf5 9. Qf3 Nce7 10. Bg5 f6 11. Bf4 g5 12. Bc1 h5 13. Ne2 Qd6 14. O-O b6
15. Ng3 Ng7 16. Re1 Bg4 17. Qe3 h4 18. Nf1 Ngf5 19. Qd2 h3 20. g3 O-O-O 21. Ne3
Nxe3 22. fxe3 f5 23. a4 Nc6 24. Rf1 Rhf8 25. Ra1 Qe6 26. Qf2 Na5 27. Ba6+ Kd7
28. Ba3 Rf7 29. Rae1 c6 30. Bb4 Kc7 31. Bxa5 bxa5 32. Rb1 Rb8 33. Bd3 Rxb1 34.
Rxb1 Re7 35. Re1 Qd6 36. c4 dxc4 37. Bxf5 Bxf5 38. Qxf5 Qb4 39. Qf2 Qxa4 40. e4
Qb4 41. e5 a4 42. d5 cxd5 43. Qxa7+ Kc6 44. Qa8+ Kc5 45. Rd1 Qb7 46. Qa5+ Kc6
47. Qxd5+ Kc7 48. Qd8+ Kc6 49. Qd6+ Kb5 50. Rb1+ Ka5 51. Qc5+ Ka6 52. Qxc4+ Ka5
53. Qc5+ Ka6 54. Qc4+ Ka5 55. Qc5+ Ka6 1-0

[Event "Lliga Catalana eq. DH"]
[Site "?"]
[Date "2014.02.15"]
[Round "4.6"]
[White "Maroto Borras, J."]
[Black "Fernandez Soriano, R."]
[Result "1-0"]
[WhiteElo "2199"]
[BlackElo "2261"]
[PlyCount "83"]
[EventDate "2014.??.??"]
[EventType "team"]
[EventCountry "ESP"]

1. d4 d5 2. g3 c6 3. Bg2 Nf6 4. Nf3 Bf5 5. O-O h6 6. c4 e6 7. Nc3 Nbd7 8. Nd2
dxc4 9. Nxc4 Nb6 10. Ne5 Rc8 11. e4 Bh7 12. a4 a5 13. Be3 Bb4 14. f3 O-O 15.
Qb3 Nbd7 16. Nd3 Bxc3 17. bxc3 b6 18. c4 Qc7 19. Rac1 c5 20. d5 e5 21. Rb1 Ne8
22. f4 f6 23. fxe5 fxe5 24. Rxf8+ Kxf8 25. Rf1+ Nef6 26. Nf2 Kg8 27. Bh3 Rf8
28. Qb5 Nb8 29. Be6+ Kh8 30. Ng4 Nbd7 31. Qc6 Rc8 32. Nxf6 Qxc6 33. dxc6 Rxc6
34. Bxd7 Rd6 35. Nxh7 Rxd7 36. Nf8 Rd3 37. Kf2 Ra3 38. Ng6+ Kh7 39. Nxe5 Rxa4
40. Rb1 Ra2+ 41. Kf3 Rxh2 42. Rxb6 1-0

[Event "Lliga Catalana eq. DH"]
[Site "?"]
[Date "2014.02.15"]
[Round "4.6"]
[White "Vives Esmerat, J."]
[Black "Asensio Liñan, T."]
[Result "1-0"]
[WhiteElo "2369"]
[BlackElo "2278"]
[PlyCount "59"]
[EventDate "2014.??.??"]
[EventType "team"]
[EventCountry "ESP"]

1. e4 c5 2. b3 d6 3. Bb2 Nc6 4. f4 Nf6 5. Nc3 Bg4 6. Nf3 e5 7. Bb5 Qc7 8. fxe5
dxe5 9. Nd5 Nxd5 10. exd5 O-O-O 11. dxc6 e4 12. cxb7+ Kb8 13. Qe2 exf3 14. gxf3
Qxb7 15. Rf1 Bh3 16. Rg1 Bd6 17. O-O-O f6 18. Ba6 Qc7 19. Bc3 Rd7 20. Rde1 Bf5
21. h4 Bf4 22. Qb5+ Ka8 23. Re2 Rb8 24. Qa4 Qd6 25. Bb5 Rc7 26. Ba5 Rd8 27.
Bc6+ Rxc6 28. Bxd8 Ra6 29. Qe8 Kb7 30. Rxg7+ 1-0

[Event "Lliga Catalana eq. DH"]
[Site "?"]
[Date "2014.02.15"]
[Round "4.7"]
[White "Ezquerro Luque, A."]
[Black "Llaneza Vega, P."]
[Result "1/2-1/2"]
[WhiteElo "2201"]
[BlackElo "2306"]
[PlyCount "102"]
[EventDate "2014.??.??"]
[EventType "team"]
[EventCountry "ESP"]

1. e4 c5 2. b3 Nc6 3. Bb2 d6 4. Bb5 Bd7 5. d3 Nf6 6. f4 Qa5+ 7. Nc3 Nd4 8.
Bxd7+ Nxd7 9. Nf3 g6 10. O-O Bg7 11. Qd2 Rc8 12. Kh1 Nxf3 13. Rxf3 O-O 14. g4
e6 15. f5 Ne5 16. Rg3 d5 17. exd5 exd5 18. f6 Bxf6 19. Nxd5 Qxd2 20. Nxf6+ Kg7
21. Bxe5 Qg5 22. Bc3 Qxf6 23. Bxf6+ Kxf6 24. Re1 Rfe8 25. Rge3 Rxe3 26. Rxe3
Rc6 27. h4 Re6 28. Rf3+ Ke7 29. Kg2 Re2+ 30. Rf2 Rxf2+ 31. Kxf2 Ke6 32. Ke3 h6
33. Ke4 b5 34. c3 f6 35. a3 a5 36. d4 cxd4 37. cxd4 b4 38. axb4 axb4 39. h5
gxh5 40. gxh5 f5+ 41. Kf4 Kd5 42. Kxf5 Kxd4 43. Kg6 Kc3 44. Kxh6 Kxb3 45. Kg5
Ka2 46. h6 b3 47. h7 b2 48. h8=Q b1=Q 49. Qa8+ Kb2 50. Qb7+ Kc1 51. Qc6+ Qc2
1/2-1/2

[Event "Lliga Catalana eq. DH"]
[Site "?"]
[Date "2014.02.15"]
[Round "4.7"]
[White "Fernandez Muixi, F."]
[Black "Roca Diaz, MA."]
[Result "0-1"]
[WhiteElo "2252"]
[BlackElo "2148"]
[PlyCount "78"]
[EventDate "2014.??.??"]
[EventType "team"]
[EventCountry "ESP"]

1. e4 c6 2. d4 d5 3. e5 c5 4. c3 Nc6 5. Be2 cxd4 6. cxd4 Qb6 7. Nf3 Bg4 8. Nbd2
Nh6 9. O-O e6 10. Nb3 Nf5 11. Be3 a5 12. a4 Be7 13. h3 Bxf3 14. Bxf3 O-O 15.
Be2 Rac8 16. Bd3 Nxe3 17. fxe3 Bg5 18. Rf3 f5 19. Nc5 Nxe5 20. dxe5 Qxc5 21.
Qe2 f4 22. Kh1 fxe3 23. Rg3 Bh6 24. Qh5 Kh8 25. Re1 d4 26. Rg4 Rcd8 27. Rh4 Rd5
28. Qg4 Qe7 29. Qe4 Rf5 30. Rh5 Rdxe5 31. Qxe5 Rxe5 32. Rxe5 Bf4 33. Rc1 g6 34.
Rec5 Kg7 35. R1c4 Qh4 36. Rc1 Qg3 37. Kg1 Qh2+ 38. Kf1 Qh1+ 39. Ke2 Qxg2+ 0-1

[Event "Lliga Catalana eq. DH"]
[Site "?"]
[Date "2014.02.15"]
[Round "4.7"]
[White "Garcia Pichon, E."]
[Black "Fernandez Perez, D."]
[Result "1-0"]
[WhiteElo "2260"]
[BlackElo "2350"]
[PlyCount "81"]
[EventDate "2014.??.??"]
[EventType "team"]
[EventCountry "ESP"]

1. e4 e6 2. d4 d5 3. e5 c5 4. c3 Nc6 5. Nf3 Qb6 6. a3 Bd7 7. b4 cxd4 8. cxd4
Rc8 9. Be2 Nge7 10. O-O Nf5 11. Bb2 Be7 12. Kh1 O-O 13. Qd2 Rc7 14. Rd1 Rfc8
15. Nc3 Nb8 16. Rac1 a5 17. b5 Qa7 18. Bd3 Nh4 19. Nxh4 Bxh4 20. Qf4 Be7 21.
Bxh7+ Kxh7 22. Qxf7 Bg5 23. Rd3 Be8 24. Qxe6 Bf7 25. Qf5+ Bg6 26. Rh3+ Bh6 27.
Qg4 Qb6 28. Re1 Rc4 29. Nxd5 Qxb5 30. Ne7 Qe8 31. Nxc8 Qxc8 32. Qxc8 Rxc8 33.
d5 Rc2 34. Bc1 Rxf2 35. Bxh6 gxh6 36. Rb3 Be4 37. Rxb7+ Kg6 38. Rxb8 Bxd5 39.
e6 Kg7 40. e7 Rxg2 41. Rg8+ 1-0

[Event "Lliga Catalana eq. DH"]
[Site "?"]
[Date "2014.02.15"]
[Round "4.7"]
[White "Pueyo Burrell, D."]
[Black "Prat Llables, J."]
[Result "1/2-1/2"]
[WhiteElo "2293"]
[BlackElo "2284"]
[PlyCount "63"]
[EventDate "2014.??.??"]
[EventType "team"]
[EventCountry "ESP"]

1. e4 c5 2. Nf3 Nc6 3. d4 cxd4 4. Nxd4 Nf6 5. Nc3 e5 6. Ndb5 d6 7. Bg5 a6 8.
Na3 b5 9. Nd5 Be7 10. Bxf6 Bxf6 11. c4 b4 12. Nc2 O-O 13. g3 a5 14. Bg2 Bg5 15.
O-O Be6 16. Qd3 Bxd5 17. Qxd5 Qb6 18. b3 Qc5 19. Rad1 Rfd8 20. Kh1 a4 21. f4
Bf6 22. Qxc5 dxc5 23. Rd5 axb3 24. axb3 Rxd5 25. cxd5 Nd4 26. Nxd4 cxd4 27. Rc1
g5 28. f5 Ra3 29. Rb1 g4 30. Bf1 Bg5 31. Bc4 Ra2 32. Rf1 1/2-1/2

[Event "Lliga Catalana eq. DH"]
[Site "?"]
[Date "2014.02.15"]
[Round "4.7"]
[White "Rodriguez Cespedes, A."]
[Black "Avila Jimenez, X."]
[Result "1/2-1/2"]
[WhiteElo "2476"]
[BlackElo "2307"]
[PlyCount "72"]
[EventDate "2014.??.??"]
[EventType "team"]
[EventCountry "ESP"]

1. e4 c6 2. d4 d5 3. Nd2 dxe4 4. Nxe4 Bf5 5. Ng3 Bg6 6. h4 h6 7. Nf3 Nd7 8. h5
Bh7 9. Bd3 Bxd3 10. Qxd3 e6 11. Bd2 Ngf6 12. O-O-O Be7 13. Ne4 Nxe4 14. Qxe4
Nf6 15. Qd3 O-O 16. Kb1 c5 17. g4 Nxg4 18. Rhg1 f5 19. Qe2 Qb6 20. Ne5 Nxe5 21.
dxe5 Kf7 22. f3 Rg8 23. Rg6 Rad8 24. Rdg1 Qc7 25. Bf4 Qd7 26. Qg2 Bf8 27. a3
Qd4 28. Rf6+ Ke7 29. Qg6 gxf6 30. Qxg8 Qxf4 31. Qh7+ Ke8 32. Qg6+ Kd7 33. Rd1+
Kc8 34. Rxd8+ Kxd8 35. Qg8 fxe5 36. Qxf8+ Kd7 1/2-1/2

[Event "Lliga Catalana eq. DH"]
[Site "?"]
[Date "2014.02.15"]
[Round "4.7"]
[White "Sanchez Ibern, M."]
[Black "Mateu Guiu, E."]
[Result "1/2-1/2"]
[WhiteElo "2445"]
[BlackElo "2159"]
[PlyCount "142"]
[EventDate "2014.??.??"]
[EventType "team"]
[EventCountry "ESP"]

1. Nf3 Nf6 2. c4 g6 3. Nc3 Bg7 4. g3 O-O 5. Bg2 d6 6. O-O Nc6 7. h3 e5 8. d3 h6
9. Rb1 Be6 10. e4 Nd7 11. b4 f5 12. Nd5 Ne7 13. Nxe7+ Qxe7 14. Nh4 Qf6 15. exf5
gxf5 16. Bxb7 Rab8 17. Bg2 a5 18. a3 axb4 19. Rxb4 Rxb4 20. axb4 Nb6 21. Bb2
Qg5 22. Kh2 Bf7 23. Qc1 f4 24. Be4 Be6 25. Bg2 Na4 26. Ba1 fxg3+ 27. fxg3 Qxc1
28. Rxc1 Rf2 29. Kg1 Rd2 30. Bf1 Kf7 31. d4 e4 32. d5 Bd7 33. Bxg7 Kxg7 34. Re1
Nc3 35. Re3 Rc2 36. Bg2 Kf6 37. Bxe4 Nxe4 38. Rxe4 Bxh3 39. Rf4+ Kg5 40. Nf3+
Kg6 41. Ne1 Rc3 42. Kf2 Bf5 43. Rd4 Bb1 44. Ng2 Rc2+ 45. Kf3 Rc3+ 46. Ne3 h5
47. Ke2 Kf6 48. Kd2 Rb3 49. Rf4+ Ke5 50. b5 Be4 51. Rh4 Bg6 52. g4 hxg4 53.
Nxg4+ Kf5 54. Ne3+ Ke5 55. Rh6 Be4 56. Rh4 Rd3+ 57. Ke2 Rb3 58. Ng4+ Kf5 59.
Nf2 Bf3+ 60. Kd2 Bg2 61. Rh7 Ke5 62. Rxc7 Kd4 63. c5 Rb2+ 64. Kc1 Rxb5 65. cxd6
Rxd5 66. d7 Bf3 67. Kd2 Ke5+ 68. Ke3 Ke6 69. Nd3 Ke7 70. Nc5 Bg4 71. Ke4 Rd1
1/2-1/2

[Event "Lliga Catalana eq. DH"]
[Site "?"]
[Date "2014.02.15"]
[Round "4.8"]
[White "Almirall Botella, J."]
[Black "Fernandez Fuentes, FX."]
[Result "1-0"]
[WhiteElo "2244"]
[BlackElo "2147"]
[PlyCount "59"]
[EventDate "2014.??.??"]
[EventType "team"]
[EventCountry "ESP"]

1. d4 Nf6 2. c4 e6 3. Nc3 Bb4 4. f3 d5 5. a3 Bxc3+ 6. bxc3 c5 7. cxd5 exd5 8.
e3 O-O 9. Bd3 b6 10. Ne2 Ba6 11. O-O Bxd3 12. Qxd3 Re8 13. Ng3 Nc6 14. Bb2 Na5
15. Rae1 Nc4 16. Bc1 Rc8 17. e4 cxd4 18. cxd4 b5 19. e5 Nd7 20. f4 Qb6 21. Kh1
Nb8 22. f5 Nc6 23. Nh5 Nxd4 24. Qg3 g6 25. Nf6+ Kh8 26. Qh3 h5 27. fxg6 fxg6
28. Nxh5 gxh5 29. Qxh5+ Kg8 30. Rf7 1-0

[Event "Lliga Catalana eq. DH"]
[Site "?"]
[Date "2014.02.15"]
[Round "4.8"]
[White "Lopez Agustench, E."]
[Black "Panelo Muñoz, MA."]
[Result "1/2-1/2"]
[WhiteElo "2317"]
[BlackElo "2472"]
[PlyCount "99"]
[EventDate "2014.??.??"]
[EventType "team"]
[EventCountry "ESP"]

1. d4 Nf6 2. c4 e6 3. Nf3 b6 4. Bf4 Bb7 5. e3 Be7 6. Nc3 Nh5 7. Bg3 Nxg3 8.
hxg3 h6 9. Bd3 c5 10. d5 Bf6 11. e4 Bxc3+ 12. bxc3 Qe7 13. Kf1 d6 14. Qd2 Nd7
15. a4 a5 16. Rb1 Ba6 17. Kg1 O-O-O 18. Qe2 Kc7 19. Qb2 Rb8 20. Kh2 g5 21. Rhd1
e5 22. Qd2 Rbg8 23. Be2 h5 24. Kg1 Qf6 25. Qe3 Qg6 26. Rb2 Rg7 27. Rdb1 Qf6 28.
Bd3 h4 29. g4 Rb8 30. Nd2 Qf4 31. Qf3 Rgg8 32. Be2 Bc8 33. Nf1 Re8 34. Qxf4
exf4 35. f3 Ne5 36. Nd2 Bd7 37. Ra1 Rh8 38. Bf1 Rh6 39. Rbb1 Rbh8 40. Kf2 Re8
41. Kg1 f6 42. Ra2 Reh8 43. Raa1 Be8 44. Ra2 Bg6 45. Rab2 Rb8 46. Ra1 Rh7 47.
Rb3 Re7 48. Kf2 Rh7 49. Kg1 Rhh8 50. Kf2 1/2-1/2

[Event "Lliga Catalana eq. DH"]
[Site "?"]
[Date "2014.02.15"]
[Round "4.8"]
[White "Marques Taltavull, A."]
[Black "Bautista Sanchez, J."]
[Result "1-0"]
[WhiteElo "2254"]
[BlackElo "2292"]
[PlyCount "71"]
[EventDate "2014.??.??"]
[EventType "team"]
[EventCountry "ESP"]

1. c4 c6 2. Nf3 Nf6 3. g3 g6 4. b4 Bg7 5. Bb2 O-O 6. Bg2 d5 7. O-O Nbd7 (7...
a5) 8. d3 dxc4 9. dxc4 Nb6 10. Nbd2 Be6 11. Qc2 Qc8 12. Rfd1 Bh3 13. Bh1 h6 14.
a4 Nbd7 15. e4 Qc7 16. a5 a6 (16... c5) 17. Re1 e5 18. c5 Be6 19. Bg2 Rad8 20.
Rad1 Rfe8 21. Bf1 Nh7 22. Bc4 Ndf8 23. h4 Bg4 24. Be2 Ne6 25. Nc4 Bxf3 26. Bxf3
Nd4 27. Bxd4 exd4 28. Qd2 Nf8 29. Bg4 Nd7 30. Bxd7 Rxd7 (30... Qxd7 $142) 31.
f4 g5 32. hxg5 hxg5 33. e5 gxf4 34. gxf4 f6 $2 (34... Rd5) 35. Nd6 Re6 36. Qa2
1-0

[Event "Lliga Catalana eq. DH"]
[Site "?"]
[Date "2014.02.15"]
[Round "4.8"]
[White "Pijuan Herranz, M."]
[Black "Soler Rionegro, A."]
[Result "1-0"]
[WhiteElo "2313"]
[BlackElo "2079"]
[PlyCount "55"]
[EventDate "2014.??.??"]
[EventType "team"]
[EventCountry "ESP"]

1. d4 Nf6 2. Nf3 g6 3. g3 Bg7 4. Bg2 c6 5. O-O d5 6. c4 O-O 7. b3 Bg4 8. Nc3
Bxf3 9. Bxf3 e6 10. Bf4 Re8 11. Qd2 Nbd7 12. Rad1 Nb6 13. Qd3 Nfd7 14. c5 Nc8
15. e4 Ne7 16. b4 h6 17. e5 b6 18. h4 Kh7 19. Kg2 Ng8 20. Rh1 Ne7 21. g4 b5 22.
a4 a6 23. Ra1 Qc7 24. Ra3 Ra7 25. Qc2 Rea8 26. Rha1 Qb8 27. Qa2 bxa4 28. Rxa4
1-0

[Event "Lliga Catalana eq. DH"]
[Site "?"]
[Date "2014.02.15"]
[Round "4.8"]
[White "Rechi Perez, F."]
[Black "Martin Gonzalez, A."]
[Result "1/2-1/2"]
[WhiteElo "2024"]
[BlackElo "2464"]
[PlyCount "115"]
[EventDate "2014.??.??"]
[EventType "team"]
[EventCountry "ESP"]

1. e4 c5 2. Nf3 d6 3. d4 cxd4 4. Nxd4 Nf6 5. Nc3 g6 6. Be2 Bg7 7. Be3 Nc6 8.
Qd2 O-O 9. f3 d5 10. exd5 Nxd5 11. Nxd5 Qxd5 12. c3 Nxd4 13. Bxd4 Bxd4 14. Qxd4
Qxd4 15. cxd4 Rd8 16. Rd1 Be6 17. b3 Rac8 18. Rd2 Rc1+ 19. Bd1 Bf5 20. g4 Bc8
21. Ke2 b6 22. Re1 e5 23. Bc2 Rxe1+ 24. Kxe1 exd4 25. Ke2 Kg7 26. Bd3 Kf6 27.
Kf2 g5 28. Kg3 h6 29. Rc2 Be6 30. h4 Rc8 31. Rxc8 Bxc8 32. f4 gxf4+ 33. Kxf4
Bb7 34. g5+ hxg5+ 35. hxg5+ Ke6 36. b4 a6 37. a3 b5 38. Bf5+ Kd6 39. Bd3 Bd5
40. g6 fxg6 41. Bxg6 Bg2 42. Bh7 Kd5 43. Bg8+ Kc6 44. Bh7 Kd6 45. Bg6 a5 46.
Be8 Bc6 47. Bxc6 Kxc6 48. bxa5 Kc5 49. Ke4 Kc6 50. Kxd4 Kb7 51. Kc5 Ka6 52. Kb4
Ka7 53. Kxb5 Kb7 54. a6+ Ka7 55. a4 Ka8 56. Kb6 Kb8 57. a5 Ka8 58. a7 1/2-1/2

[Event "Lliga Catalana eq. DH"]
[Site "?"]
[Date "2014.02.15"]
[Round "4.8"]
[White "Yepes Martinez, E."]
[Black "Subirachs Mancebo, G."]
[Result "1-0"]
[WhiteElo "2320"]
[BlackElo "2213"]
[PlyCount "59"]
[EventDate "2014.??.??"]
[EventType "team"]
[EventCountry "ESP"]

1. d4 d5 2. c4 c6 3. e3 Nf6 4. Nc3 e6 5. Nf3 Nbd7 6. Qc2 Bd6 7. b3 b6 8. Bb2
Bb7 9. Be2 Qe7 10. g4 dxc4 11. g5 Nd5 12. bxc4 Nxc3 13. Bxc3 Bb4 14. Rb1 Bxc3+
15. Qxc3 c5 16. dxc5 Nxc5 17. Qxg7 O-O-O 18. Rg1 Be4 19. Rb5 Nd3+ 20. Bxd3 Bxd3
21. Qc3 Qd6 22. Ne5 Be4 23. Ke2 f6 24. gxf6 Rhg8 25. c5 Qxe5 26. Qxe5 Bd3+ 27.
Kf3 Rxg1 28. cxb6 axb6 29. Qxe6+ Rd7 30. Rd5 1-0

[Event "Lliga Catalana eq. DH"]
[Site "?"]
[Date "2014.02.15"]
[Round "4.9"]
[White "Castellano Egea, E."]
[Black "Clopes Llahi, J."]
[Result "1/2-1/2"]
[WhiteElo "2282"]
[BlackElo "2227"]
[PlyCount "64"]
[EventDate "2014.??.??"]
[EventType "team"]
[EventCountry "ESP"]

1. e4 c6 2. c4 d5 3. exd5 cxd5 4. cxd5 Nf6 5. Qa4+ Nbd7 6. Nc3 g6 7. Nf3 Bg7 8.
Bc4 O-O 9. O-O a6 10. Bb3 b5 11. Qh4 Nb6 12. d4 (12. Re1) 12... Bb7 13. Bh6 (
13. Bg5) 13... Nbxd5 14. Nxd5 Bxd5 15. Bxd5 Qxd5 16. Rfe1 e6 17. Re5 Qd7 18.
Rc5 Rac8 19. Bxg7 Kxg7 20. Rac1 Rfd8 21. h3 h6 22. Ne5 Rxc5 23. Qxf6+ Kxf6 24.
Nxd7+ Rxd7 25. dxc5 Ke7 26. a4 Rd4 27. axb5 axb5 28. Kf1 Kd7 29. Ke2 Kc6 30.
Ke3 e5 31. b3 f5 32. g3 Re4+ 1/2-1/2

[Event "Lliga Catalana eq. DH"]
[Site "?"]
[Date "2014.02.15"]
[Round "4.9"]
[White "De la Fuente Clemente, C."]
[Black "Pinsach Gelabert, A."]
[Result "0-1"]
[WhiteElo "1975"]
[BlackElo "2295"]
[PlyCount "126"]
[EventDate "2014.??.??"]
[EventType "team"]
[EventCountry "ESP"]

1. e4 e5 2. Nf3 Nc6 3. Bb5 a6 4. Ba4 Nf6 5. O-O b5 6. Bb3 Bb7 7. Re1 Bc5 8. c3
d6 9. d4 Bb6 10. Bg5 h6 11. Bh4 g5 12. Bg3 O-O 13. d5 Ne7 14. Qd2 Ng6 15. h4
Nh5 16. Bh2 Nhf4 17. hxg5 hxg5 18. Bxf4 Nxf4 19. g3 Nh3+ 20. Kg2 g4 21. Qh6 Bc8
22. Nh4 Qg5 23. Qxg5+ Nxg5 24. Nd2 f5 25. exf5 Bxf5 26. Nxf5 Rxf5 27. Re2 Raf8
28. Rf1 Nf3 29. Ne4 Rh5 30. Rh1 Rxh1 31. Kxh1 Kg7 32. Kg2 Rh8 33. Rc2 Ne1+ 34.
Kg1 Nxc2 35. Bxc2 Kf7 36. Bd1 Rg8 37. Be2 Ke7 38. c4 b4 39. b3 a5 40. Kg2 Bd4
41. Bd1 Rg6 42. Be2 Kd8 43. Bd3 c6 44. Nc5 Rf6 45. Ne6+ Kd7 46. Nxd4 exd4 47.
dxc6+ Kxc6 48. Kf1 d5 49. Ke2 dxc4 50. Bxc4 Rf3 51. Be6 d3+ 52. Ke1 d2+ 53. Kd1
Rxf2 54. Bxg4 Kc5 55. Be2 Kd4 56. Kxd2 Rg2 57. g4 Rh2 58. g5 Rg2 59. g6 Rxg6
60. Kc1 Kc3 61. a3 Rg1+ 62. Bd1 a4 63. bxa4 b3 0-1

[Event "Lliga Catalana eq. DH"]
[Site "?"]
[Date "2014.02.15"]
[Round "4.9"]
[White "Ibañez Tarradellas, E."]
[Black "Casanovas Cantarero, E."]
[Result "1-0"]
[WhiteElo "2400"]
[BlackElo "1916"]
[PlyCount "79"]
[EventDate "2014.??.??"]
[EventType "team"]
[EventCountry "ESP"]

1. d4 d5 2. Bg5 Bf5 3. e3 c6 4. Nf3 h6 5. Bh4 Qb6 6. b3 Nd7 7. Bd3 Bxd3 8. Qxd3
Ngf6 9. O-O e6 10. c4 g5 11. Bg3 Bg7 12. Nc3 O-O 13. c5 Qa5 14. b4 Qd8 15. b5
Nh5 16. Bd6 Re8 17. bxc6 bxc6 18. Rab1 Bf8 19. Bxf8 Rxf8 20. Rb7 a5 21. Rfb1 f5
22. Na4 Rf7 23. Rxd7 Rxd7 24. Nb6 Rb7 25. Nxa8 Qxa8 26. Ne5 Nf6 27. Rxb7 Qxb7
28. Qb3 Qb5 29. f3 Kf8 30. Kf2 Ke7 31. Qxb5 cxb5 32. Nc6+ Kd7 33. Nxa5 Kc7 34.
Ke2 g4 35. Kf2 h5 36. Kg3 Ne8 37. Kh4 Ng7 38. Kg5 Kd7 39. f4 Ne8 40. h4 1-0

[Event "Lliga Catalana eq. DH"]
[Site "?"]
[Date "2014.02.15"]
[Round "4.9"]
[White "Lopez Forn, M."]
[Black "De la Riva Aguado, J."]
[Result "1-0"]
[WhiteElo "2176"]
[BlackElo "2326"]
[PlyCount "53"]
[EventDate "2014.??.??"]
[EventType "team"]
[EventCountry "ESP"]

1. e4 c5 2. b3 Nc6 3. Bb2 d6 4. Bb5 Bd7 5. f4 Nf6 6. Qe2 a6 7. Bxc6 Bxc6 8. d3
e6 9. Nd2 Be7 10. Ngf3 O-O 11. O-O-O a5 12. g4 a4 13. Rdg1 axb3 14. axb3 Ra2
15. g5 Nd7 16. f5 exf5 17. exf5 Re8 18. Qf2 Bf8 19. g6 fxg6 20. fxg6 h6 21. Re1
Nf6 22. Nh4 d5 23. Rxe8 Bxe8 24. Bxf6 gxf6 25. g7 Bd6 26. Nf5 Ra1+ 27. Nb1 1-0

[Event "Lliga Catalana eq. DH"]
[Site "?"]
[Date "2014.02.15"]
[Round "4.9"]
[White "Perez Mitjans, O."]
[Black "Moreno Garcia, EP."]
[Result "1-0"]
[WhiteElo "2471"]
[BlackElo "2102"]
[PlyCount "47"]
[EventDate "2014.??.??"]
[EventType "team"]
[EventCountry "ESP"]

1. e4 e5 2. Nc3 Nf6 3. f4 d6 4. Nf3 Nbd7 5. Bc4 Be7 6. d3 h6 7. O-O c6 8. a4
O-O 9. Kh1 Qc7 10. f5 Nb6 11. Ba2 d5 12. a5 Nbd7 13. exd5 Bb4 14. dxc6 bxc6 15.
Qe1 Bxa5 16. Qg3 Nh5 17. Qh4 Ndf6 18. g4 Bxc3 19. gxh5 Bd4 20. Bxh6 gxh6 21.
Qxf6 Kh7 22. Rg1 Bxg1 23. Rxg1 Rg8 24. Rg6 1-0

[Event "Lliga Catalana eq. DH"]
[Site "?"]
[Date "2014.02.15"]
[Round "4.9"]
[White "Velasco Blasco, JM."]
[Black "Costa, V."]
[Result "1-0"]
[WhiteElo "2224"]
[BlackElo "2033"]
[PlyCount "45"]
[EventDate "2014.??.??"]
[EventType "team"]
[EventCountry "ESP"]

1. d4 Nf6 2. Nc3 d5 3. Bg5 e6 4. e4 dxe4 5. Bxf6 Qxf6 6. Nxe4 Qd8 7. Nf3 Nc6 8.
Bd3 Be7 9. c3 O-O 10. Qe2 b6 11. h4 Bb7 12. Neg5 g6 13. O-O-O a5 14. Bc4 Qd6
15. g3 Rae8 16. h5 Bxg5+ 17. Nxg5 Qe7 18. Nxh7 Kxh7 19. hxg6+ Kg7 20. Rh7+ Kg8
21. gxf7+ Rxf7 22. Qg4+ Rg7 23. Bxe6+ 1-0

[Event "Lliga Catalana eq. DH"]
[Site "?"]
[Date "2014.02.15"]
[Round "4.10"]
[White "Aalbersberg Kroon, P."]
[Black "Fernandez Alonso, MA."]
[Result "0-1"]
[WhiteElo "1946"]
[BlackElo "2214"]
[PlyCount "78"]
[EventDate "2014.??.??"]
[EventType "team"]
[EventCountry "ESP"]

1. e4 c5 2. Nf3 Nc6 3. Bb5 e6 4. O-O Nge7 5. Re1 a6 6. Bf1 d6 7. Nc3 Nd4 8.
Nxd4 cxd4 9. Ne2 Nc6 10. Ng3 Be7 11. d3 e5 12. f4 O-O 13. f5 Bg5 14. Qg4 Bxc1
15. Raxc1 f6 16. Be2 Bd7 17. h4 Qe7 18. Qh3 Rfc8 19. Qh2 Nb4 20. h5 h6 21. c4
dxc3 22. bxc3 Nxa2 23. Rb1 b5 24. c4 Nc3 25. Rbc1 b4 26. Bf1 a5 27. Ne2 Nxe2+
28. Bxe2 Be8 29. g4 Qa7+ 30. Kh1 b3 31. g5 fxg5 32. Bg4 Bd7 33. Bd1 a4 34. Re2
Qd4 35. Qg3 Rab8 36. Rb1 b2 37. Rf2 a3 38. f6 Rf8 39. fxg7 Qxf2 0-1